00349nam a2200121 a 4500008004100000020001500041050002000056100001600076245006400092260003700156300002500193350000900218120416s2000 ||||||||||||||||| || u a1928994040 aQA 76.73.L5 Ega aEgan, David10aDBA's guide to datbases on LINUX including ORACLE and MySQL aRocland, MAbSngress Mediac2000 axxxiii, 483p. : ill. a0.00